[Event "Montcada"]
[Site "Montcada"]
[Date "2018.06.27"]
[Round "3.10"]
[White "Neelash, Saha"]
[Black "Kevlishvili, Robby"]
[Result "0-1"]
[BlackElo "2502"]
[WhiteElo "2333"]
[LiveChessVersion "1.4.8"]

1. d4 {[%clk 1:30:52]} d5 {[%clk 1:30:54]} 2. c4 {[%clk 1:31:13]} c6
{[%clk 1:31:20]} 3. Nf3 {[%clk 1:31:38]} Nf6 {[%clk 1:31:45]} 4. e3
{[%clk 1:32:02]} Bg4 {[%clk 1:31:51]} 5. Nc3 {[%clk 1:31:17]} e6 {[%clk 1:31:59]}
6. h3 {[%clk 1:29:30]} Bh5 {[%clk 1:32:18]} 7. g4 {[%clk 1:27:41]} Bg6
{[%clk 1:32:41]} 8. Ne5 {[%clk 1:28:02]} Nfd7 {[%clk 1:25:32]} 9. Nxg6
{[%clk 1:22:14]} hxg6 {[%clk 1:25:55]} 10. Bd2 {[%clk 1:22:35]} Be7
{[%clk 1:25:29]} 11. Qb3 {[%clk 1:22:26]} Qb6 {[%clk 1:24:40]} 12. Bg2
{[%clk 1:19:21]} Nf6 {[%clk 1:14:07]} 13. O-O {[%clk 1:11:52]} Nbd7
{[%clk 1:12:57]} 14. Rfc1 {[%clk 1:08:48]} dxc4 {[%clk 0:53:37]} 15. Qxc4
{[%clk 1:08:52]} Qd8 {[%clk 0:53:39]} 16. b4 {[%clk 1:04:48]} a6 {[%clk 0:47:20]}
17. a4 {[%clk 1:04:01]} Rc8 {[%clk 0:43:02]} 18. Qb3 {[%clk 1:02:21]} e5
{[%clk 0:39:18]} 19. b5 {[%clk 0:58:29]} axb5 {[%clk 0:38:54]} 20. axb5
{[%clk 0:58:54]} O-O {[%clk 0:38:00]} 21. Na4 {[%clk 0:58:10]} exd4
{[%clk 0:31:41]} 22. exd4 {[%clk 0:57:01]} Nb8 {[%clk 0:31:33]} 23. Be3
{[%clk 0:54:17]} Nfd7 {[%clk 0:28:43]} 24. bxc6 {[%clk 0:50:14]} bxc6
{[%clk 0:29:01]} 25. Rc2 {[%clk 0:49:56]} Bg5 {[%clk 0:28:36]} 26. f4
{[%clk 0:48:26]} Be7 {[%clk 0:28:39]} 27. Rac1 {[%clk 0:48:29]} Bd6
{[%clk 0:27:15]} 28. Bxc6 {[%clk 0:28:41]} Nxc6 {[%clk 0:27:20]} 29. Rxc6
{[%clk 0:29:03]} Rxc6 {[%clk 0:26:30]} 30. Rxc6 {[%clk 0:29:28]} Qe7
{[%clk 0:26:36]} 31. Qc3 {[%clk 0:25:06]} Bb4 {[%clk 0:22:42]} 32. Qd3
{[%clk 0:18:32]} Ra8 {[%clk 0:21:01]} 33. Nc3 {[%clk 0:18:12]} Ra1+
{[%clk 0:20:53]} 34. Kg2 {[%clk 0:17:54]} Nf6 {[%clk 0:20:36]} 35. g5
{[%clk 0:08:48]} Qd7 {[%clk 0:09:16]} 36. Qc4 {[%clk 0:06:45]} Ng4
{[%clk 0:07:37]} 37. Bd2 {[%clk 0:00:33]} Bxc3 {[%clk 0:07:44]} 38. Qxc3
{[%clk 0:00:37]} Qd5+ {[%clk 0:07:54]} 39. Kg3 {[%clk 0:00:36]} Rg1+
{[%clk 0:08:20]} 40. Kh4 {[%clk 0:01:02]} Nh6 {[%clk 0:08:43]} 0-1